00991cam a22002774a 450000100090000000300050000900500170001400800410003101000170007202000150008903800120010404000180011604200080013405000230014208200210016524500750018626000370026130000450029849000380034350400510038165000400043270000190047283000520049185600950054385600750063813343738NUST20191106132550.0030915s2004 nyua b 001 0 eng  a 2003065182 a0071428364 aMSOHAIL aDLCcDLCdDLC apcc00aTD345b.U7276 200400a363.6106173222200aUrban water supply management tools /cLarry W. Mays, editor-in-chief. aNew York :bMcGraw-Hill,cc2004. a1 v. (various pagings) :bill. ;c25 cm.1 aMcGraw-Hill engineering reference aIncludes bibliographical references and index. 0aMunicipal water supplyxManagement.1 aMays, Larry W. 0aMcGraw-Hill engineering reference guide series.423Contributor biographical informationuhttp://www.loc.gov/catdir/bios/mh042/2003065182.html413Table of contentsuhttp://www.loc.gov/catdir/toc/mh041/2003065182.html